[Event "Oberliga Nord N 2122"]
[Site "Germany"]
[Date "2022.05.29"]
[Round "5.1"]
[White "Ritscher, Jan Paul"]
[Black "Pedersen, Steffen"]
[Result "0-1"]
[WhiteElo "2257"]
[BlackElo "2338"]
[PlyCount "102"]
[EventDate "2021.10.31"]
[EventType "team-tourn"]
[EventRounds "9"]
[EventCountry "GER"]
[SourceTitle "EXT 2024"]
[Source "ChessBase"]
[SourceDate "2023.10.10"]
[SourceVersion "1"]
[SourceVersionDate "2023.10.10"]
[SourceQuality "1"]
[WhiteTeam "Hamburg Schachfreunde"]
[BlackTeam "Preetz"]
[WhiteTeamCountry "GER"]
[BlackTeamCountry "GER"]

1. d4 d5 2. Nf3 Nf6 3. c4 e6 4. g3 dxc4 5. Bg2 c5 6. 0-0 Nc6 7. dxc5 Qxd1 8. Rxd1 Bxc5 9. Nbd2 c3 10. bxc3 0-0 11. Nb3 Be7 12. Nfd4 Nxd4 13. cxd4 Nd5 14. e4 Nc3 15. Re1 Bd7 16. Nc5 Bb5 17. Bf1 Bxf1 18. Kxf1 Bxc5 19. dxc5 Rfc8 20. Be3 Nxe4 21. Rab1 b6 22. cxb6 axb6 23. Rxb6 Rxa2 24. Reb1 h6 25. Rb8 Ra8 26. Rxc8+ Rxc8 27. Rb7 Nf6 28. h4 Nd5 29. Bd4 Rc4 30. Ba7 h5 31. Kg2 f6 32. Rb3 Kf7 33. Be3 e5 34. Ra3 Rc2 35. Ba7 e4 36. Bd4 Rd2 37. Be3 Rc2 38. Bd4 Rd2 39. Be3 Rb2 40. Bd4 Rb4 41. Bc5 Rb8 42. Bd4 Rb4 43. Bc5 Rc4 44. Ra7+ Ke6 45. Ra5 Rc2 46. Kh3 g6 47. Bd4 Rd2 48. Bc5 Rd3 49. Ra8 Kf5 50. Rf8 Nf4+ 51. Kh2 Ne6 0-1

[Event "Aarhus-chA"]
[Site "Aarhus"]
[Date "2022.02.12"]
[Round "5"]
[White "Pedersen, Steffen"]
[Black "Olsen, Filip Boe"]
[Result "1/2-1/2"]
[WhiteElo "2337"]
[BlackElo "2386"]
[PlyCount "27"]
[EventDate "2022.02.10"]
[EventType "tourn"]
[EventRounds "5"]
[EventCountry "DEN"]
[SourceTitle "EXT 2024"]
[Source "ChessBase"]
[SourceDate "2023.10.10"]
[SourceVersion "1"]
[SourceVersionDate "2023.10.10"]
[SourceQuality "1"]

1. d4 Nf6 2. c4 e6 3. Nf3 d5 4. Nc3 c6 5. e3 Nbd7 6. Bd3 dxc4 7. Bxc4 b5 8. Bd3 Bb7 9. 0-0 a6 10. e4 c5 11. e5 cxd4 12. Nxb5 axb5 13. exf6 Qb6 14. Qe2 1/2-1/2

[Event "DEN-chT 1920 58th"]
[Site "Denmark"]
[Date "2019.11.23"]
[Round "1.4"]
[White "Vesterli, Michael"]
[Black "Pedersen, Steffen"]
[Result "0-1"]
[WhiteElo "2234"]
[BlackElo "2308"]
[PlyCount "122"]
[EventDate "2019.11.23"]
[EventType "team-tourn"]
[EventRounds "9"]
[EventCountry "DEN"]
[SourceTitle "CBM 193 Extra"]
[Source "ChessBase"]
[SourceDate "2020.01.31"]
[SourceVersion "1"]
[SourceVersionDate "2020.01.31"]
[SourceQuality "1"]
[WhiteTeam "Ballerup"]
[BlackTeam "Hillerod"]
[WhiteTeamCountry "DEN"]
[BlackTeamCountry "DEN"]

1. d4 Nf6 2. c4 e6 3. Nf3 d5 4. Bg5 Nbd7 5. e3 h6 6. Bh4 g5 7. Bg3 Ne4 8. Nbd2 Nxg3 9. hxg3 c6 10. Be2 Bg7 11. g4 Qe7 12. Qb3 Nb6 13. 0-0 h5 14. gxh5 Rxh5 15. Ne5 Rh6 16. e4 dxe4 17. Nxe4 f5 18. Ng3 Bxe5 19. dxe5 Nd7 20. Qc3 Qg7 21. Rfe1 g4 22. f4 gxf3 23. Bxf3 Qe7 24. Rad1 Qc5+ 25. Qd4 Qxd4+ 26. Rxd4 Ke7 27. Kf2 Nf8 28. Nh5 Ng6 29. g4 fxg4 30. Rxg4 Bd7 31. Rg5 Rf8 32. Nf6 Nxe5 33. Ng8+ Rxg8 34. Rexe5 Rxg5 35. Rxg5 Be8 36. b4 Rh4 37. Kg3 Rh7 38. Ra5 a6 39. b5 axb5 40. cxb5 Rg7+ 41. Kf4 cxb5 42. Bxb7 Kd6 43. Ra6+ Kc7 44. Be4 Bd7 45. Bc2 Rg2 46. Bb3 Re2 47. Kf3 Re5 48. Kf4 Re1 49. Ra7+ Kd6 50. Bc2 Bc6 51. Rh7 Bd5 52. a3 e5+ 53. Kg5 Re3 54. Rh6+ Kc5 55. Kf5 Kd4 56. Rb6 Rf3+ 57. Kg4 Rc3 58. Bg6 Rc6 59. Rxc6 Bxc6 60. Bb1 e4 61. Kg3 e3 0-1

[Event "Oberliga Nord N 1920"]
[Site "Germany"]
[Date "2019.10.20"]
[Round "2.2"]
[White "Ritscher, Jan Paul"]
[Black "Pedersen, Steffen"]
[Result "1-0"]
[WhiteElo "2234"]
[BlackElo "2324"]
[PlyCount "85"]
[EventDate "2019.09.29"]
[EventType "team-tourn"]
[EventRounds "9"]
[EventCountry "GER"]
[SourceTitle "CBM 195 Extra"]
[Source "ChessBase"]
[SourceDate "2020.05.31"]
[SourceVersion "1"]
[SourceVersionDate "2020.05.31"]
[SourceQuality "1"]

1. d4 d5 2. c4 e6 3. Nf3 Nf6 4. g3 dxc4 5. Bg2 c5 6. 0-0 Nc6 7. dxc5 Qxd1 8. Rxd1 Bxc5 9. Nbd2 c3 10. bxc3 0-0 11. Nb3 Be7 12. Nfd4 Nd5 13. Nxc6 bxc6 14. c4 Nc3 15. Rd2 Rd8 16. Bxc6 Rb8 17. Rxd8+ Bxd8 18. Bb2 Bf6 19. Bxc3 Bxc3 20. Rc1 Bf6 21. Rc2 Kf8 22. e3 Rb6 23. Bf3 Rb4 24. Kf1 Ba6 25. Be2 Bb7 26. Bd3 Be5 27. Nd4 Ke7 28. Ke2 h6 29. h4 g6 30. Kd2 Bc7 31. Kc1 Ra4 32. Kb2 e5 33. Nb3 Bc6 34. a3 e4 35. Be2 Be5+ 36. Nd4 Bd7 37. Kb3 Ra6 38. c5 Rf6 39. Bc4 Kd8 40. Bd5 Ra6 41. Bb7 Ra5 42. c6 Be6+ 43. Kb4 1-0

[Event "Odense-ch B"]
[Site "Odense"]
[Date "2019.10.13"]
[Round "5"]
[White "Thogersen, Rasmus"]
[Black "Pedersen, Steffen"]
[Result "1/2-1/2"]
[WhiteElo "2268"]
[BlackElo "2286"]
[PlyCount "34"]
[EventDate "2019.10.11"]
[EventType "tourn"]
[EventRounds "5"]
[EventCountry "DEN"]
[EventCategory "3"]
[SourceTitle "EXT 2021"]
[Source "ChessBase"]
[SourceDate "2020.10.23"]
[SourceVersion "1"]
[SourceVersionDate "2020.10.23"]
[SourceQuality "1"]

1. e4 e5 2. Nf3 Nc6 3. Bc4 Bc5 4. 0-0 Nf6 5. d3 0-0 6. Bg5 h6 7. Bh4 Be7 8. Bg3 d6 9. a4 Be6 10. Nbd2 Qd7 11. c3 g6 12. b4 Nh5 13. Bxe6 Qxe6 14. Nc4 Nxg3 15. hxg3 Bf6 16. Ne3 Ne7 17. c4 Bg7 1/2-1/2

[Event "Odense IM-B"]
[Site "Odense"]
[Date "2017.10.13"]
[Round "1"]
[White "Rostgaard, Tobias Valentin"]
[Black "Pedersen, Steffen"]
[Result "1/2-1/2"]
[WhiteElo "2297"]
[BlackElo "2368"]
[PlyCount "59"]
[EventDate "2017.10.13"]
[EventType "tourn"]
[EventRounds "5"]
[EventCountry "DEN"]
[EventCategory "3"]
[SourceTitle "CBM 181 Extra"]
[Source "ChessBase"]
[SourceDate "2017.12.12"]
[SourceVersion "1"]
[SourceVersionDate "2017.12.12"]
[SourceQuality "1"]

1. e4 e5 2. Nf3 Nc6 3. Bb5 a6 4. Ba4 Nf6 5. 0-0 Be7 6. d3 b5 7. Bb3 0-0 8. a3 d6 9. Nc3 Rb8 10. h3 Na5 11. Ba2 Be6 12. Bxe6 fxe6 13. Ne2 Qd7 14. c3 Nc6 15. Ng3 a5 16. Re1 b4 17. axb4 axb4 18. c4 Ra8 19. Bd2 Rfb8 20. Qb3 Na5 21. Qa4 c5 22. Qc2 Nc6 23. b3 Qe8 24. Qb2 Nd7 25. Rxa8 Rxa8 26. Ra1 Nb6 27. Ne2 Rxa1+ 28. Qxa1 Qa8 29. Qxa8+ Nxa8 30. Kf1 1/2-1/2

[Event "DEN-chT 1617 55th"]
[Site "Denmark"]
[Date "2017.02.26"]
[Round "7.5"]
[White "Pedersen, Steffen"]
[Black "Jaksland, Tim"]
[Result "1/2-1/2"]
[WhiteElo "2375"]
[BlackElo "2230"]
[PlyCount "22"]
[EventDate "2016.10.29"]
[EventType "team-tourn"]
[EventRounds "9"]
[EventCountry "DEN"]
[SourceTitle "EXT 2018"]
[Source "ChessBase"]
[SourceDate "2017.10.13"]
[SourceVersion "1"]
[SourceVersionDate "2017.10.13"]
[SourceQuality "1"]
[WhiteTeam "Skanderborg Nordea"]
[BlackTeam "Hillerod"]
[WhiteTeamCountry "DEN"]
[BlackTeamCountry "DEN"]

1. d4 Nf6 2. Nf3 g6 3. c4 Bg7 4. Nc3 0-0 5. e4 d6 6. h3 e5 7. d5 Nh5 8. Nh2 Nd7 9. Be3 a5 10. g3 Nc5 11. Be2 Nf6 1/2-1/2

[Event "BL2-Nord 1617"]
[Site "Germany"]
[Date "2017.02.19"]
[Round "6.1"]
[White "Polzin, Rainer"]
[Black "Pedersen, Steffen"]
[Result "1/2-1/2"]
[WhiteElo "2413"]
[BlackElo "2375"]
[PlyCount "67"]
[EventDate "2016.10.16"]
[EventType "team-tourn"]
[EventRounds "9"]
[EventCountry "GER"]
[SourceTitle "EXT 2018"]
[Source "ChessBase"]
[SourceDate "2017.10.13"]
[SourceVersion "1"]
[SourceVersionDate "2017.10.13"]
[SourceQuality "1"]
[WhiteTeam "Berlin SF II"]
[BlackTeam "Preetz"]
[WhiteTeamCountry "GER"]
[BlackTeamCountry "GER"]

1. e4 e5 2. Nf3 Nc6 3. Bb5 a6 4. Ba4 d6 5. Bxc6+ bxc6 6. d4 exd4 7. Qxd4 Bg4 8. Nc3 Qd7 9. Be3 Be7 10. 0-0-0 Bxf3 11. gxf3 Bf6 12. Qd3 Ne7 13. h4 0-0 14. f4 Bxc3 15. Qxc3 Qe6 16. Rhg1 f6 17. Qb3 Qxb3 18. axb3 c5 19. h5 Rae8 20. f5 Kf7 21. Rg3 Rg8 22. Kd2 Nc6 23. f3 h6 24. Ra1 a5 25. c3 Rb8 26. Kc2 Rbe8 27. Bf4 Rb8 28. Ra3 Rge8 29. Rg1 Rb7 30. Rf1 Reb8 31. Bc1 Re8 32. Bf4 Reb8 33. Bc1 Re8 34. Bf4 1/2-1/2

[Event "BL2-Nord 1617"]
[Site "Germany"]
[Date "2016.10.16"]
[Round "1.1"]
[White "Trent, Lawrence"]
[Black "Pedersen, Steffen"]
[Result "1-0"]
[WhiteElo "2463"]
[BlackElo "2375"]
[PlyCount "109"]
[EventDate "2016.10.16"]
[EventType "team-tourn"]
[EventRounds "9"]
[EventCountry "GER"]
[SourceTitle "CBM 175 Extra"]
[Source "ChessBase"]
[SourceDate "2016.12.12"]
[SourceVersion "1"]
[SourceVersionDate "2016.12.12"]
[SourceQuality "1"]
[WhiteTeam "Norderstedt"]
[BlackTeam "Preetz"]
[WhiteTeamCountry "GER"]
[BlackTeamCountry "GER"]

1. e4 c6 2. Nc3 d5 3. Nf3 Nf6 4. e5 Ne4 5. Be2 Nxc3 6. dxc3 Bg4 7. Nd4 Bxe2 8. Qxe2 e6 9. f4 c5 10. Nf3 Nc6 11. 0-0 Be7 12. Be3 Qc7 13. Kh1 0-0-0 14. a3 Kb8 15. b4 Rc8 16. Bg1 h6 17. Rab1 Ka8 18. Nd2 Rhe8 19. Nb3 f6 20. b5 Na5 21. b6 Qxb6 22. Nd4 Qc7 23. Nxe6 Qc6 24. Nxg7 Rh8 25. Nf5 Qe6 26. Nxe7 Qxe7 27. Qb5 b6 28. Rbe1 Nc4 29. exf6 Qxf6 30. Re2 Rc7 31. a4 Kb7 32. f5 Qxc3 33. Bxc5 Rxc5 34. Re7+ Rc7 35. Qxd5+ Kb8 36. Rxc7 Kxc7 37. f6 Ne3 38. Qf7+ Kb8 39. Qg7 Rc8 40. Qg3+ Kb7 41. f7 Rf8 42. Qf3+ Ka6 43. h3 Qc4 44. Re1 Nxc2 45. Re7 Nd4 46. Qb7+ Ka5 47. Qxa7+ Kb4 48. Qxb6+ Ka3 49. Qxh6 Ka2 50. Qd2+ Nc2 51. Qc1 Kb3 52. Rb7+ Kc3 53. Qb2+ Kd2 54. Rd7+ Ke2 55. Qc1 1-0

[Event "BL2-Nord 1516"]
[Site "Germany"]
[Date "2016.04.24"]
[Round "2.1"]
[White "Lerch, Philipp"]
[Black "Pedersen, Steffen"]
[Result "1/2-1/2"]
[WhiteElo "2310"]
[BlackElo "2406"]
[PlyCount "80"]
[EventDate "2015.09.19"]
[EventType "team-tourn"]
[EventRounds "9"]
[EventCountry "GER"]
[SourceTitle "EXT 2017"]
[Source "ChessBase"]
[SourceDate "2016.10.25"]
[SourceVersion "1"]
[SourceVersionDate "2016.10.25"]
[SourceQuality "1"]
[WhiteTeam "Kreuzberg"]
[BlackTeam "Preetz"]
[WhiteTeamCountry "GER"]
[BlackTeamCountry "GER"]

1. c4 Nf6 2. g3 g6 3. Bg2 Bg7 4. Nc3 d6 5. d4 0-0 6. Nf3 Nc6 7. 0-0 a6 8. b3 Rb8 9. Nd5 Bd7 10. Nxf6+ Bxf6 11. Bh6 Re8 12. Rc1 e5 13. dxe5 dxe5 14. Nd2 Nd4 15. Ne4 Be7 16. e3 Nf5 17. Bg5 Bxg5 18. Nxg5 Qxg5 19. Qxd7 Re7 20. Qd3 Ng7 21. Rcd1 Ne8 22. Qd5 Qf6 23. c5 c6 24. Qc4 h5 25. Rd2 Kg7 26. Rfd1 Qf5 27. e4 Qg5 28. Rd7 Nc7 29. h4 Qf6 30. Bh3 Rbe8 31. R7d6 Ne6 32. Kg2 g5 33. hxg5 Qxg5 34. Bxe6 Rxe6 35. Rxe6 Rxe6 36. Rd7 Rf6 37. Rd6 h4 38. Rxf6 Qxf6 39. Qe2 hxg3 40. Qg4+ Qg5 1/2-1/2